<?xml version="1.0" encoding="UTF-8"?><?xml-stylesheet type="text/xsl" href="static/style.xsl"?><OAI-PMH xmlns="http://www.openarchives.org/OAI/2.0/" xmlns:xsi="http://www.w3.org/2001/XMLSchema-instance" xsi:schemaLocation="http://www.openarchives.org/OAI/2.0/ http://www.openarchives.org/OAI/2.0/OAI-PMH.xsd"><responseDate>2026-04-17T07:54:25Z</responseDate><request verb="GetRecord" identifier="oai:www.recercat.cat:2117/388281" metadataPrefix="marc">https://recercat.cat/oai/request</request><GetRecord><record><header><identifier>oai:recercat.cat:2117/388281</identifier><datestamp>2025-07-22T14:53:51Z</datestamp><setSpec>com_2072_1033</setSpec><setSpec>col_2072_452951</setSpec></header><metadata><record xmlns="http://www.loc.gov/MARC21/slim" xmlns:dcterms="http://purl.org/dc/terms/" xmlns:xsi="http://www.w3.org/2001/XMLSchema-instance" xmlns:doc="http://www.lyncode.com/xoai" xsi:schemaLocation="http://www.loc.gov/MARC21/slim http://www.loc.gov/standards/marcxml/schema/MARC21slim.xsd">
   <leader>00925njm 22002777a 4500</leader>
   <datafield ind2=" " ind1=" " tag="042">
      <subfield code="a">dc</subfield>
   </datafield>
   <datafield ind2=" " ind1=" " tag="720">
      <subfield code="a">Tornos Muñoz, Javier</subfield>
      <subfield code="e">author</subfield>
   </datafield>
   <datafield ind2=" " ind1=" " tag="260">
      <subfield code="c">2023-06-02</subfield>
   </datafield>
   <datafield ind2=" " ind1=" " tag="520">
      <subfield code="a">En este proyecto se quiere centrar principalmente en buscar que los procesos industriales de la empresa Alpro sean eficientes y productivos para justificar el estudio hacia la identificación de un punto de mejora en la cadena de suministro de la empresa. Se pretende utilizar las herramientas aportadas por Lean Management para lograr conocer el recorrido del producto dentro del proceso de distribución, desde que es recibido de las plantas ubicadas en el extranjero hasta que es comprado por clientes finales en el mercado español. Uno de los objetivos es mostrar el diagrama de flujo de la empresa con sus respectivos tiempos de ejecución de las operaciones llevadas a cabo para un posterior análisis cuyo resultado sea en una mejora del flujo del producto dentro de sus varias fases. En esta tesis se pretende empezar exponiendo la base teórica sobre la cadena de suministro y su gestión para así proceder a la implementación del Lean Management y de herramientas de diagnóstico aplicadas a la empresa en concreto para encontrar la manera de mejorar los problemas existentes en la logística de la empresa</subfield>
   </datafield>
   <datafield tag="653" ind2=" " ind1=" ">
      <subfield code="a">Àrees temàtiques de la UPC::Enginyeria agroalimentària::Indústries agroalimentàries</subfield>
   </datafield>
   <datafield tag="653" ind2=" " ind1=" ">
      <subfield code="a">Food industry and trade -- Management -- Materials management</subfield>
   </datafield>
   <datafield tag="653" ind2=" " ind1=" ">
      <subfield code="a">Business logistics -- Planning</subfield>
   </datafield>
   <datafield tag="653" ind2=" " ind1=" ">
      <subfield code="a">Aliments -- Indústria i comerç -- Gestió de compres</subfield>
   </datafield>
   <datafield tag="653" ind2=" " ind1=" ">
      <subfield code="a">Logística (Indústria) -- Planificació</subfield>
   </datafield>
   <datafield ind2="0" ind1="0" tag="245">
      <subfield code="a">Optimización de la cadena de aprovisionamiento de la empresa Alpro</subfield>
   </datafield>
</record></metadata></record></GetRecord></OAI-PMH>